000 01264aab a2200205 4500
001 768714001
003 CO-MdFUSB
005 20250726115729.0
008 250726t1992 ag ||||| |||| 00| 0 spa d
040 _bspa
_cCO-MdFUSB
100 1 _aMoreno, Luis Carlos
_eautor
245 1 0 _aTenemos esperanza
_c/ Luis Carlos Moreno
300 _aVolumen 11, número 3 (julio - septiembre, 1992), páginas 20 - 21
_c; 27 cm
520 _aEntrevista realizada por Luis Carlos Moreno a María Bueno, facilitadora del Programa de Mujeres Indígenas de MAP Internacional, en Ecuador. María Bueno, ecuatoriana, ha trabajado en programas de Huertos Familiares, Desarrollo de la Mujer Indígena y en programas de Salud Integral, con mujeres de comunidades indígenas y de los Departamentos de Mujeres de las Asociaciones de Indígenas Evangélicos de las provincias de Chimborazo, Cotopaxi y Tungurahua. El hecho de que Jesús haya permitido que las mujeres hablasen, que se acercasen a él, me parece que nos da valor como mujeres.
650 0 _aEvangelización
_9362
650 7 _aMujeres en la Biblia
_9327
773 0 _tIglesia y Misión
_049402
_959656
_gVolumen 11, número 3 (julio - septiembre, 1992), páginas 20 - 21
_qpáginas 20
942 _cANA
945 _aJTF-925
999 _c51968
_d51968